| 000 | 00639 a2200169 4500 | ||
|---|---|---|---|
| 003 | Nust | ||
| 005 | 20230207124159.0 | ||
| 040 | _cNust | ||
| 082 | _a959.2,KEL | ||
| 100 |
_aR.Talbot Kelly , _9108690 |
||
| 245 |
_aPeeps at Many Lands Burma / _cR. Talbot Kelly |
||
| 250 | _a2nd ed | ||
| 260 |
_alondon _bA.& C. Black _c1929 |
||
| 300 | _aviii,84p; | ||
| 505 | _aThe Land (Page-1), Rangoon (Page-5), The Irrawaddy (Page-21), The Irrawaddy (Continued) (Page-29), Village Life (Page-35)m Town Life (Page-41), Field Work (Page-50), The Forest (Page-56), The Forest (Continued) (Page-65), Temples and Religion (Page-74). | ||
| 942 |
_2ddc _cBK |
||
| 999 |
_c194064 _d194064 |
||